000
00264nam a2200097Ia 4500
082
_a
AJF WEID
245
0
_a
Rykdom uit rommel
100
_a
WEIDEMAN, George Kaapstad, 2003 2nd ed
_9
99738
942
_c
BK
008
210817s9999 xx 000 0 und d
999
_c
424450
_d
424449